Já ještě nechci jít spát & Já chci taky do školy /
Uloženo v:
| Hlavní autor: | |
|---|---|
| Další autoři: | , , , |
| Médium: | E-audiokniha |
| Jazyk: | Czech |
| Vydáno: |
Praha :
Albatros,
[2016]
|
| Témata: | |
| Tagy: |
Žádné tagy |
| LEADER | 03663nim a2200841 i 4500 | ||
|---|---|---|---|
| 001 | 297552 | ||
| 003 | CZ PrSKC | ||
| 005 | 20260411063123.0 | ||
| 007 | sd fungnnmmned | ||
| 008 | 160602t20162016xr nnnnj h n cze | ||
| 015 | |a cnb002802069 | ||
| 024 | 3 | |a 8594050422155 | |
| 028 | 0 | 1 | |a 8594050422155 |b Albatros |
| 040 | |a ABA001 |b cze |e rda | ||
| 041 | 1 | |d cze |h swe | |
| 072 | 7 | |a 821.11 |x Germánské literatury |2 Konspekt | |
| 072 | 7 | |a 821-93 |x Literatura pro děti a mládež (beletrie) |2 Konspekt | |
| 080 | |a 821.113.6-32 |2 MRF | ||
| 080 | |a (0:82-32) |2 MRF | ||
| 080 | |a (086.7.053.2) |2 MRF | ||
| 080 | |a (086.7)08 |2 MRF | ||
| 080 | |a (086.76) |2 MRF | ||
| 100 | 1 | |a Lindgren, Astrid, |d 1907-2002 |7 jn19990005095 |4 aut | |
| 245 | 1 | 0 | |a Já ještě nechci jít spát & Já chci taky do školy / |c Astrid Lindgrenová ; překlad Jaroslava Vrbová |
| 264 | 1 | |a Praha : |b Albatros, |c [2016] | |
| 264 | 4 | |c ©2016 | |
| 300 | |a 1 audiodisk (32 min.) ; |c 12 cm | ||
| 306 | |a 003200 | ||
| 336 | |a mluvené slovo |b spw |2 rdacontent | ||
| 337 | |a audio |b s |2 rdamedia | ||
| 338 | |a audiodisk |b sd |2 rdacarrier | ||
| 344 | |a digital |b optical |2 rda | ||
| 347 | |a audio soubor |b MP3 |2 rda | ||
| 500 | |a Název z disku | ||
| 500 | |a Copyright Albatros Media a.s. | ||
| 500 | |a Nezkrácená verze | ||
| 508 | |a Režie Jindřiška Nováková | ||
| 511 | 0 | |a Čte Růžena Merunková | |
| 518 | |a Natočeno ve studiu DAMU v Praze v únoru 2016 | ||
| 655 | 7 | |a švédské příběhy |7 fd183834 |2 czenas | |
| 655 | 7 | |a zvukové záznamy pro děti a mládež |7 fd186726 |2 czenas | |
| 655 | 7 | |a audioknihy |7 fd119452 |2 czenas | |
| 655 | 7 | |a kompaktní disky |7 fd201991 |2 czenas | |
| 700 | 1 | |a Vrbová, Jarka, |d 1950- |7 jn20000402620 |4 trl | |
| 700 | 1 | |a Nováková, Jindřiška, |d 1954- |7 jn20010601354 |4 drt | |
| 700 | 1 | |a Merunková, Růžena, |d 1940- |7 jn19990209540 |4 stl | |
| 700 | 1 | 2 | |a Lindgren, Astrid, |d 1907-2002. |t Jag vill inte gå och lägga mig. |l Česky |7 aun2013740273 |
| 700 | 1 | 2 | |a Lindgren, Astrid, |d 1907-2002. |t Jag vill också gå i skolan. |l Česky |7 aun2011654817 |
| 700 | 1 | 2 | |a Lindgren, Astrid, |d 1907-2002. |t Jag vill också ha ett syskon. |l Česky |7 aun2011654819 |
| 740 | 0 | 2 | |a Já chci taky do školy |
| 900 | |a ABA001 |b 19 | ||
| 044 | |a xr | ||
| 505 | 0 | 0 | |t 01 Ja jeste nechci jit spat (1 min., 31 sek.) |
| 505 | 0 | 0 | |t 02 Ja jeste nechci jit spat (2 min., 13 sek.) |
| 505 | 0 | 0 | |t 03 Ja jeste nechci jit spat (1 min., 23 sek.) |
| 505 | 0 | 0 | |t 04 Ja jeste nechci jit spat (1 min., 10 sek.) |
| 505 | 0 | 0 | |t 05 Ja jeste nechci jit spat (1 min., 46 sek.) |
| 505 | 0 | 0 | |t 06 Ja jeste nechci jit spat (1 min., 21 sek.) |
| 505 | 0 | 0 | |t 07 Ja jeste nechci jit spat (1 min., 26 sek.) |
| 505 | 0 | 0 | |t 08 Ja chci taky sourozence (1 min., 6 sek.) |
| 505 | 0 | 0 | |t 09 Ja chci taky sourozence (1 min., 34 sek.) |
| 505 | 0 | 0 | |t 10 Ja chci taky sourozence (2 min., 56 sek.) |
| 505 | 0 | 0 | |t 11 Ja chci taky sourozence (3 min., 28 sek.) |
| 505 | 0 | 0 | |t 12 Ja chci taky sourozence (1 min., 29 sek.) |
| 505 | 0 | 0 | |t 13 Ja chci taky do skoly (1 min., 39 sek.) |
| 505 | 0 | 0 | |t 14 Ja chci taky do skoly (1 min., 57 sek.) |
| 505 | 0 | 0 | |t 15 Ja chci taky do skoly (2 min., 49 sek.) |
| 505 | 0 | 0 | |t 16 Ja chci taky do skoly (1 min., 41 sek.) |
| 505 | 0 | 0 | |t 17 Ja chci taky do skoly (1 min., 23 sek.) |
| 505 | 0 | 0 | |t 18 Ja chci taky do skoly (1 min., 24 sek.) |
| 910 | |a RBIT002 | ||
| 998 | |d 314349 |a https://core.palmknihy.cz/api/books/314349/cover?sic3gk |b https://core.palmknihy.cz/api/books/314349/cover/400?sic3gk |c https://core.palmknihy.cz/api/books/314349/cover/50?sic3gk |e 2029-12-31 |i 8594050422155 |l 1920 |q 49 |r 1 |s https://www.palmknihy.cz/kniha/314349 |t audiobook |y 2016 |z 0 | ||
| 999 | |d 297550 | ||